Quizzes
Events
Quiz Creation
Community
Videos
Private Events
Remove Ads
Sign In
Join for FREE
Feedback
Dark Mode
Quiz Categories
Sports
Geography
Music
Movies
Television
Just For Fun
Miscellaneous
History
Literature
Language
Science
Gaming
Entertainment
Religion
Holiday
For Kids
Quiz Lab
Recent
Popular Today
Quiz Kudos Today
Editor Picks
Curator Picks
Quizzes by...
Day
Popularity
Type
Ratings
Length
Year
Community
Subscriptions
Recent Discussions
Orange Saloon
Badges
Playlists
Quests
Create
Leaderboards
Showdown
Live 5
Trivia Bingo
Activity
Puzzle Library
Sporcle Events
Private Events
Virtual Trivia
Globe League
Become a Host
Pub Owners
SporcleCon
Opinionation
Our Games
Videos
Blog
Mobile Apps
Partnerships
Remove Ads and Go Orange
Feedback
Television
TV Characters
TV Show
Sitcom
Network
Friends
Reality Shows
Cast
South Park
Star Trek
The Simpsons
Doctor Who
Television
TV Characters
TV Show
Sitcom
Network
Friends
Reality Shows
Cast
South Park
Star Trek
The Simpsons
Doctor Who
Random Quiz
Search Sporcle
×
Quiz Lab
Quiz Lab
Television
Quote
Type in answers that appear in a list
Type in answers that appear in a list
Classic
Best Score? Go Orange.
Simpsons Characters by Quote Stats
Can you name the speaker of each quote from 'The Simpsons'?
By
dinny
8m
21 Questions
409 Plays
409 Plays
409 Plays
Comments
Comments
Give Quiz Kudos
Give Quiz Kudos
-
- Ratings
hide this ad
Forced Order
Answers have to be entered in order
Answers have to be entered in order
Replay
Link that replays current quiz
Next Quiz
Link to next quiz in quiz playlist
You Got
0%
They Got
Avg Score
65%
Avg Friend Score
Upgrade to see
Score Distribution
Jump to the score distribution portion of the page
Score
0/21
Timer
08:00
0
Plays Today
Quote
Character
% Correct
'Oh my God, Mr. Burns is dead! Why do the good have to die so young?'
Waylon Smithers
91.9%
'Even Bart was throwin' dough around. He paid me and Carl a thousand bucks to kiss each other!'
Lenny Leonard
87.3%
'Oh, well ha ha, I'm a bit of a puzzlehead myself. They help me wind down after a day of dealing with SKINNER!!'
Superintendent Chalmers
80%
'I love your magazine. My favorite section is 'How to Increase Your Word Power'. That thing is really, really, really good.'
Homer Simpson
79.5%
'Harry Potter, and all his wizard friends, went straight to Hell for practicing witchcraft!'
Ned Flanders
77.8%
'What, you think just because I'm black I know all other black people?!'
Carl Carlson
77.5%
'For decimating our pigeon population and for making Springfield a less oppressive place to while away our worthless lives, I present you with this scented candle.'
Mayor Quimby
74.3%
'I'm singin' in the rain! Just singin' in the rain! What a glorious feeling -
-
argh! [collapses on the ground, as his overalls dissolve] It burns like a Glasgow bikini wax!'
Groundskeeper Willie
73.6%
'Aaaaah! What have you done?! My maguppies just became bazongas!'
Marge Simpson
72.9%
'A B C D E F G. [long pause] How I wonder what you are!'
Ralph Wiggum
69.9%
'I could crush him like an ant. But it would be too easy. No, revenge is a dish best served cold. I'll bide my time until ... Oh, what the hell. I'll just crush him like an ant.'
Mr. Burns
68.7%
Quote
Character
% Correct
'Eh, you never know what you're capable of. I never thought I could shoot down a German plane, but last year I proved myself wrong.'
Abraham Simpson
68.5%
'Sharing is a bunch of bull, too. And helping others. And what's all this crap I've been hearing about tolerance?'
Bart Simpson
63.3%
'We always figured someday Mary would marry. That's why we called her 'Mary.' We name all our kids after what we thinks gonna happen to 'em. Ain't that right, Stabbed In Jail?'
Cletus Spuckler
62.8%
'People, people, let's not blame each other. We all know this is Milhouse's fault!'
Nelson Muntz
62.1%
'I was born a snake handler and I'll die a snake handler.'
Moe Szyslak
58.2%
'That was a big mistake, Bart. No children have ever crossed the Republican Party and lived to tell about it!'
Sideshow Bob
55.7%
'Is it a crime to be illiterate?'
Krusty the Clown
54.8%
'Cool. We could be Goth together. We'll go to the cemetery and summon the dark Lord by kissing and junk.'
Milhouse Van Houten
44.5%
'So, I'm excavating this Mayan pyramid and I came across these coins and I was all like, 'Could you be any more pre-
Columbian?'
Snake Jailbird
30.8%
'Actually, you can really keep costs down when you don't pay for materials, or labor, or permits or... land.'
Fat Tony
26.9%
Quiz Playlist
Details
Report
Send in Message
Add To Playlist
Classic:
Type in answers that appear in a list
Forced Order:
Answers have to be entered in order
Quiz Source
Last Updated: Feb 16, 2017
Quiz Scoreboard
CHALLENGE
Sign Up to Join the Scoreboard
Show All
Scores
Hide
Comments
May contain spoilers
Recently Published
Click the 1999 NBA Draft
by nibperrychub
Sports
2m
Alphabetical 'K' Countries by Flag Minefield
by ylime102
Geography
3m
Pick 6: Fruits
by JohnFran
Miscellaneous
15s
More to Explore
Quiz From the Vault
Featured Blog Post
15 Basketball Trivia Facts You Can Be March Mad About
hide this ad
You Might Also Like...
Tags
Animation Quiz
Quote Quiz
The Simpsons Quiz
Character
Speaker
Today's Top Quizzes in Television
Browse Television
hide this ad
Today's Top Quizzes in Quote
Browse Quote
Top Contributed Quizzes in Television
1
Hidden Simpsons Character
2
First Name TV: Leading Men
3
Hidden Simpsons Character XXIV
4
One Piece Logic Puzzle
5
First Name TV: Leading Women Drama
6
Pick A Pair: Religious TV
7
Hidden Simpsons Character XXV
8
Hidden Simpsons Character XXVI
9
Best of Ross
10
Hidden Simpsons Character II
Explore More
Trending Topics
Marvel
Anime
Harry Potter
Disney
NBA
Kpop
Crossword
Song
Pokémon
Country
The Office
Puzzle
NFL
WWE
Soccer
hide this ad
More By:
dinny
Quiz
Plays
Rating
Category
Featured
Created
The Simpsons First Names
467
3.91
Television
Sep 17, 2010
Simpsons Characters by Quote
409
4.38
Television
Jun 29, 2010
Jennifer Garner Movies
363
4.33
Movies
Jul 2, 2010
Top 20 Canadian Kennel Club (CKC) Breeds
74
4.00
Miscellaneous
Jul 1, 2010
Go to Creator's Profile
Score Distribution
Quiz Creator Spotlight
dinny
Follow
Send a Message
Quizzes Created
-
Created Quiz Play Count
-
More By This Creator
Popular Quizzes Today
1
Find the US States - No Outlines Minefield
2
Countries of Asia Without Outlines Minefield
3
Pick 6: Fruits
4
The Countries of the World
5
Alphabetical 'K' Countries by Flag Minefield
6
Click the 1999 NBA Draft
7
Match the Book to the Film X
8
Find the US States
More Television Quizzes
Word Ladder: Lost Episodes
Editor's Pick
Trending Quizzes
Pick 6: Harry Potter
Pick 6: Mountains
Pick 6: NFL Teams
Pick 6: Movie Franchises
Pick 6: Golfers
Recently Updated
Women's Final Four Teams by Year
bhenderson79
Presidents Quartet II
eogle
Anything But Clue(do)
eogle
Anything But Oceanian Capitals
eogle
Anything But 7
eogle
Anything But Thing
eogle
Word Ladder: February 29
pecheneg
Song Title Questions
pecheneg
Women's NCAA Tournament #1 Seeds
pecheneg
Celebrity Mug Shots
pecheneg
Trending Topics
Crossword
Harry Potter
NBA
Kpop
Marvel
Anime
Disney
Song
Soccer
The Office
WWE
NFL
Pokémon
Puzzle
Country
Your Account Isn't Verified!
In order to create a playlist on Sporcle, you need to verify the email address you used during registration. Go to your
Sporcle Settings
to finish the process.
Report this User
Report this user for behavior that violates our
Community Guidelines
.
Details:
Send Report
Go to the Sporcle.com Mobile Site →
Comments